000 00424nam a2200157Ia 4500
008 230711s9999||||xx |||||||||||||| ||und||
020 _a978-0-07-015386-8
041 _aENG
082 _a621.3822
_bHA-D
100 _aHayes,Monson H
245 0 _aDigital signal processing
250 _a2nd Ed.
260 _c2013
_aNew Delhi
_bMcGraw Hill Education(India) Private Limited
650 _aElectrical Engineering
942 _cBK
999 _c5988
_d5988